[Event "Baku Open 2023"]
[Site "Baku AZE"]
[Date "2023.05.05"]
[Round "2.2"]
[White "Sivuk, Vitaly"]
[Black "Predke, Alexandr"]
[Result "0-1"]
[WhiteTitle "GM"]
[BlackTitle "GM"]
[WhiteElo "2533"]
[BlackElo "2685"]
[WhiteFideId "14116502"]
[BlackFideId "24107581"]
[EventDate "2023.05.04"]

1. d4 Nf6 2. c4 e6 3. Nf3 d5 4. Nc3 Bb4 5. Bg5 h6 6. Bxf6 Qxf6 7. e3 O-O 8. Rc1
Nd7 9. a3 Bxc3+ 10. Rxc3 c6 11. Qc2 Qe7 12. Bd3 dxc4 13. Bxc4 e5 14. Qe4 Re8 15.
O-O exd4 16. Qxe7 Rxe7 17. Nxd4 Nb6 18. Bb3 a5 19. f3 a4 20. Ba2 Ra5 21. Rfc1
Nd5 22. Bxd5 Rxd5 23. Kf2 Bd7 24. R1c2 Ree5 25. g4 g6 26. h4 c5 27. Ne2 b6 28.
e4 Rd6 29. Nf4 Re8 30. Rd3 Rxd3 31. Nxd3 g5 32. Ke3 Be6 33. hxg5 hxg5 34. Nc1
Rd8 35. Nd3 Kg7 36. f4 Rh8 37. f5 Rh3+ 38. Kd2 Bb3 39. Rc1 Rg3 40. Nf2 Kf6 41.
Rh1 Ke5 42. Rh6 Kf4 43. e5 Rg2 44. Ke1 Rg1+ 45. Kd2 Rg2 46. Ke1 Kxe5 47. Rxb6
Kf4 48. Rh6 Rg1+ 49. Ke2 Rb1 50. Nd3+ Kxg4 51. f6 Bc4 0-1

[Event "Baku Open 2023"]
[Site "Baku AZE"]
[Date "2023.05.05"]
[Round "2.3"]
[White "Korobov, Anton"]
[Black "Nogerbek, Kazybek"]
[Result "1/2-1/2"]
[WhiteTitle "GM"]
[BlackTitle "IM"]
[WhiteElo "2664"]
[BlackElo "2474"]
[WhiteFideId "14105730"]
[BlackFideId "13710427"]
[EventDate "2023.05.04"]

1. d4 Nf6 2. c4 e6 3. Nf3 d5 4. Nc3 h6 5. a3 c6 6. e3 Nbd7 7. Bd3 Bd6 8. O-O O-O
9. Qc2 dxc4 10. Bxc4 b5 11. Be2 Bb7 12. e4 e5 13. dxe5 Nxe5 14. Nd4 Neg4 15. g3
Bxg3 16. hxg3 Qxd4 17. Qd1 Qxd1 18. Rxd1 Rad8 19. Bf4 Rxd1+ 20. Rxd1 Re8 21. f3
Ne5 22. Bxe5 Rxe5 23. f4 Re6 24. e5 Nd5 25. Ne4 Re7 26. Nc5 a6 27. Bg4 Rc7 28.
Kf2 g6 29. Bf3 Kg7 30. b4 Re7 31. Bxd5 cxd5 32. Nxb7 Rxb7 33. Rxd5 h5 34. Rd6
Rc7 35. Rxa6 Rc3 36. Ra7 Kf8 37. Ra5 Ke7 38. Rxb5 Rxa3 39. Rb6 Rb3 40. b5 Rb2+
41. Kf3 Rb3+ 42. Kg2 Rb1 43. Kh2 Rb2+ 44. Kh3 Rb1 45. Rb8 Ke6 46. b6 Kf5 47. Rf8
Ke6 48. Re8+ Kf5 49. Re7 f6 50. Rb7 fxe5 1/2-1/2

[Event "Baku Open 2023"]
[Site "Baku AZE"]
[Date "2023.05.05"]
[Round "2.4"]
[White "Abasov, Nijat"]
[Black "Prraneeth, Vuppala"]
[Result "1/2-1/2"]
[WhiteTitle "GM"]
[BlackTitle "IM"]
[WhiteElo "2634"]
[BlackElo "2437"]
[WhiteFideId "13402960"]
[BlackFideId "46622373"]
[EventDate "2023.05.04"]

1. c4 c5 2. Nc3 Nc6 3. g3 g6 4. Bg2 Bg7 5. Nf3 d6 6. O-O Rb8 7. a3 a6 8. b4 cxb4
9. axb4 b5 10. cxb5 axb5 11. d4 Nf6 12. Rb1 Bf5 13. Nh4 Bd7 14. Qd3 O-O 15. h3
Qc8 16. g4 h5 17. g5 Nh7 18. f4 Nxd4 19. Nd5 Re8 20. e3 Nf5 21. Nxf5 Bxf5 22. e4
Be6 23. f5 Bxd5 24. exd5 Qc3 25. Qe2 Qe5 26. Be4 Qg3+ 27. Qg2 Qxg2+ 28. Kxg2
gxf5 29. Bxf5 Nf8 30. Bb2 Ng6 31. Bxg6 fxg6 32. Bxg7 Kxg7 33. Rbe1 Rbc8 34. Re2
Rc4 35. Rfe1 Kf7 36. Rf2+ Kg7 37. Rfe2 Kf7 38. Rf2+ Kg7 1/2-1/2

[Event "Baku Open 2023"]
[Site "Baku AZE"]
[Date "2023.05.05"]
[Round "2.5"]
[White "Erdogmus, Yagiz Kaan"]
[Black "Sethuraman, S.P."]
[Result "1/2-1/2"]
[WhiteTitle "IM"]
[BlackTitle "GM"]
[WhiteElo "2454"]
[BlackElo "2639"]
[WhiteFideId "44599790"]
[BlackFideId "5021596"]
[EventDate "2023.05.04"]

1. d4 Nf6 2. c4 e6 3. Nf3 d5 4. g3 dxc4 5. Bg2 Nbd7 6. O-O c6 7. a4 b6 8. Nfd2
Ba6 9. Bxc6 Rc8 10. Bg2 Nb8 11. Nf3 Nc6 12. Nc3 Be7 13. e4 Nb4 14. Be3 O-O 15.
Ne1 Bb7 16. f4 Ne8 17. f5 exf5 18. Rxf5 Qd7 19. Qe2 Nd6 20. Rf2 f6 21. Rd1 f5
22. e5 Ne4 23. Nxe4 Bxe4 24. Bxe4 fxe4 25. d5 Nxd5 26. Rxf8+ Bxf8 27. Bf2 c3 28.
bxc3 Qf7 29. Bd4 e3 30. Rd3 Bc5 31. Bxc5 Rxc5 32. Nc2 Rxc3 33. Nxe3 Rc1+ 34. Nf1
Qe6 35. Qe4 Rc5 36. Ne3 Nxe3 37. Rd8+ Kf7 38. Qb7+ Kg6 39. Rd6 Rxe5 40. Rxe6+
Rxe6 41. Qd7 Kf6 42. Qxa7 h5 43. a5 bxa5 44. Qxa5 1/2-1/2

[Event "Baku Open 2023"]
[Site "Baku AZE"]
[Date "2023.05.05"]
[Round "2.6"]
[White "Indjic, Aleksandar"]
[Black "Manafov, Vugar"]
[Result "1-0"]
[WhiteTitle "GM"]
[BlackTitle "FM"]
[WhiteElo "2618"]
[BlackElo "2399"]
[WhiteFideId "911925"]
[BlackFideId "13410814"]
[EventDate "2023.05.04"]

1. d4 Nf6 2. c4 e6 3. Nc3 Bb4 4. Qc2 O-O 5. a3 Bxc3+ 6. Qxc3 Ne4 7. Qc2 d5 8.
Nf3 c5 9. dxc5 a5 10. Be3 Na6 11. cxd5 exd5 12. Nd2 Bf5 13. Nxe4 Re8 14. Qc3
Rxe4 15. Bd4 Rc8 16. b4 b6 17. c6 Qe7 18. b5 Nc7 19. e3 Ne6 20. f3 Nxd4 21. fxe4
Qh4+ 22. Kd2 Qf2+ 23. Kc1 Nxc6 24. bxc6 d4 25. exd4 Bxe4 26. Bb5 Qxg2 27. Re1
Qg5+ 28. Kd1 Qg4+ 29. Kd2 Qg2+ 30. Re2 Qg5+ 31. Re3 Qg2+ 32. Kc1 Qg1+ 33. Kb2
Qxh2+ 34. Re2 Qh5 35. Ba6 Bxc6 36. Rae1 1-0

[Event "Baku Open 2023"]
[Site "Baku AZE"]
[Date "2023.05.05"]
[Round "2.7"]
[White "Chanda, Sandipan"]
[Black "Gareyev, Timur"]
[Result "1-0"]
[WhiteTitle "GM"]
[BlackTitle "GM"]
[WhiteElo "2460"]
[BlackElo "2602"]
[WhiteFideId "5004225"]
[BlackFideId "14200937"]
[EventDate "2023.05.04"]

1. d4 d6 2. c4 e5 3. d5 Be7 4. Nc3 Na6 5. b4 c6 6. a3 Nc7 7. e4 h5 8. Nf3 cxd5
9. cxd5 h4 10. h3 Nf6 11. Be3 O-O 12. Bd3 g6 13. O-O Nh5 14. Rc1 Bd7 15. Be2 Ne8
16. Bb5 Neg7 17. Bxd7 Qxd7 18. Qa4 Qxa4 19. Nxa4 Rfc8 20. Nc3 Nf4 21. Bxf4 exf4
22. Ne2 Nh5 23. Rxc8+ Rxc8 24. Rc1 Rxc1+ 25. Nxc1 Bf6 26. Nd3 Kf8 27. Kf1 Bc3
28. Ke2 Nf6 29. Nxf4 b5 30. Kd3 Bb2 31. Ne2 Bxa3 32. Kc3 a5 33. bxa5 Nxe4+ 34.
Kb3 Bc5 35. Nc3 Nxf2 36. Nxb5 Ke7 37. a6 Nd3 38. Nxh4 Nf4 39. Kc4 Kd7 40. a7
Bxa7 41. Nxa7 1-0

[Event "Baku Open 2023"]
[Site "Baku AZE"]
[Date "2023.05.05"]
[Round "2.8"]
[White "Urazayev, Arystanbek"]
[Black "Safarli, Eltaj"]
[Result "1/2-1/2"]
[WhiteTitle "IM"]
[BlackTitle "GM"]
[WhiteElo "2460"]
[BlackElo "2601"]
[WhiteFideId "13709810"]
[BlackFideId "13402129"]
[EventDate "2023.05.04"]

1. e4 e5 2. Nf3 Nc6 3. d4 exd4 4. Bc4 Bc5 5. Ng5 Nh6 6. Nxf7 Nxf7 7. Bxf7+ Kxf7
8. Qh5+ g6 9. Qxc5 d5 10. O-O dxe4 11. c3 Qd6 12. Qxd6 cxd6 13. cxd4 Nxd4 14.
Nc3 Bg4 15. Nxe4 Nc2 16. Nxd6+ Ke6 17. Bf4 Nxa1 18. Rxa1 g5 19. Re1+ Kd7 20. Bg3
Be6 1/2-1/2

[Event "Baku Open 2023"]
[Site "Baku AZE"]
[Date "2023.05.05"]
[Round "2.9"]
[White "Mendonca, Leon Luke"]
[Black "Kushko, Dmitriy"]
[Result "1-0"]
[WhiteTitle "GM"]
[WhiteElo "2596"]
[BlackElo "2379"]
[WhiteFideId "35028561"]
[BlackFideId "14162261"]
[EventDate "2023.05.04"]

1. d4 f5 2. c4 Nf6 3. Nc3 g6 4. g3 Bg7 5. Bg2 O-O 6. Nf3 d6 7. O-O Qe8 8. Re1
Qf7 9. d5 Ne4 10. Ng5 Nxg5 11. Bxg5 Na6 12. Rc1 h6 13. Be3 Bd7 14. Qd2 Kh7 15.
Nb5 g5 16. f4 gxf4 17. Bxf4 c6 18. Nc3 Rad8 19. b3 e5 20. dxe6 Bxe6 21. Red1 Rd7
22. Qe3 Rfd8 23. Qxa7 d5 24. cxd5 cxd5 25. Qb6 d4 26. Nb5 Bd5 27. Bxd5 Qxd5 28.
Rd2 Qe4 29. Rcd1 d3 30. exd3 Rxd3 31. Qxd8 Rxd8 32. Rxd8 Nc5 33. R8d2 Qc6 34.
Nd6 Ne6 35. Be3 Qf3 36. Rd3 Qg4 37. Rf1 Qe2 38. Rfd1 Qg4 39. Rf1 Qe2 40. Rfd1
Qg4 41. Re1 h5 42. Ne8 Bh8 43. Bf2 Ng5 44. Re7+ 1-0

[Event "Baku Open 2023"]
[Site "Baku AZE"]
[Date "2023.05.05"]
[Round "2.10"]
[White "Jubin, Jimmy"]
[Black "Harsha, Bharathakoti"]
[Result "0-1"]
[WhiteTitle "IM"]
[BlackTitle "GM"]
[WhiteElo "2455"]
[BlackElo "2608"]
[WhiteFideId "46686614"]
[BlackFideId "5078776"]
[EventDate "2023.05.04"]

1. d4 e6 2. Nf3 c5 3. e3 Nf6 4. Be2 d5 5. O-O Nbd7 6. Nbd2 Be7 7. c4 O-O 8. b3
b6 9. Bb2 Bb7 10. Rc1 Rc8 11. cxd5 Nxd5 12. Nc4 N7f6 13. dxc5 Bxc5 14. a3 a5 15.
Qd3 Qe7 16. Qb1 Ba8 17. Qa1 Rfd8 18. Bd4 Bxd4 19. Nxd4 Rc5 20. Bf3 Qc7 21. a4
Bb7 22. Nb5 Qb8 23. Qe5 Ba6 24. Qxb8 Rxb8 25. Ncd6 Nd7 26. Rfd1 Nb4 27. Nc4 Bxb5
28. axb5 Nf8 29. Nd6 Nd7 30. Nc4 Nd5 31. Nd6 Nc3 32. Re1 Ne5 33. Nc4 Nxf3+ 34.
gxf3 Na2 35. Rc2 Nb4 36. Rd2 Rxb5 37. Red1 g6 38. Rd8+ Rxd8 39. Rxd8+ Kg7 40.
Rd6 Nd5 41. e4 Nf4 42. Rxb6 Rxb6 43. Nxb6 Ne2+ 44. Kf1 Nd4 45. f4 Nxb3 46. Ke2
Kh6 47. Kd3 Kh5 48. Kc3 Nc5 49. Kd4 a4 50. Nc4 Nb3+ 51. Ke5 Kg4 52. f5 exf5 53.
exf5 gxf5 54. f4 f6+ 55. Kxf6 Kxf4 56. h4 Ke4 57. Kg5 f4 58. Kg4 h5+ 0-1

[Event "Baku Open 2023"]
[Site "Baku AZE"]
[Date "2023.05.05"]
[Round "2.11"]
[White "Asadli, Vugar"]
[Black "Begmuratov, Khumoyun"]
[Result "1-0"]
[WhiteTitle "GM"]
[BlackTitle "FM"]
[WhiteElo "2584"]
[BlackElo "2400"]
[WhiteFideId "13405764"]
[BlackFideId "14210207"]
[EventDate "2023.05.04"]

1. e4 e5 2. Nf3 Nc6 3. Bb5 Nf6 4. d3 d6 5. O-O Bd7 6. c3 a6 7. Ba4 g6 8. Re1 Bg7
9. h3 O-O 10. d4 b5 11. Bb3 Re8 12. Nbd2 Na5 13. Bc2 c5 14. d5 Qc7 15. b3 Rec8
16. Nf1 Nb7 17. Ne3 Kh8 18. Kh2 Nd8 19. Qe2 Ng8 20. g3 f6 21. Bd2 Ne7 22. Nh4
Nf7 23. f4 Qb7 24. f5 gxf5 25. exf5 a5 26. a4 c4 27. bxc4 bxc4 28. Rab1 Qa7 29.
Rb2 Rc7 30. Reb1 Rac8 31. Rb6 Qa8 32. Qh5 Kg8 33. Ng6 hxg6 34. fxg6 Nh6 35. Rxd6
Be8 36. Ng2 Nxg6 37. Bxg6 Bxg6 38. Qxg6 Nf7 39. Rxf6 Qxd5 40. Be3 Qd3 41. Rb5
Qxc3 42. Qg4 Re8 43. Rg6 Nh8 44. Rc5 Rce7 45. Rxc4 Qd3 46. Rg5 Qd7 47. Qh5 Rc8
48. Rh4 Kf8 49. Rxg7 Rxg7 50. Qxh8+ Kf7 51. Qh5+ Kg8 52. Bh6 Rc2 53. Bxg7 Rxg2+
54. Kxg2 Qd2+ 55. Kf3 Qd1+ 56. Kf2 Qc2+ 57. Qe2 1-0

[Event "Baku Open 2023"]
[Site "Baku AZE"]
[Date "2023.05.05"]
[Round "2.13"]
[White "Iskandarov, Misratdin"]
[Black "Balajayeva, Khanim"]
[Result "1/2-1/2"]
[WhiteTitle "GM"]
[BlackTitle "WGM"]
[WhiteElo "2592"]
[BlackElo "2327"]
[WhiteFideId "13400312"]
[BlackFideId "13406396"]
[EventDate "2023.05.04"]

1. c4 e6 2. Nc3 d5 3. d4 Nf6 4. Nf3 Be7 5. Bf4 O-O 6. e3 Nbd7 7. cxd5 Nxd5 8.
Bg3 c5 9. Bd3 cxd4 10. exd4 N7f6 11. O-O Qb6 12. Qe2 Rd8 13. Rfd1 Bd7 14. Ne5
Be8 15. Nc4 Nxc3 16. bxc3 Qc6 17. a4 b6 18. Rdc1 Qd5 19. Ne5 h6 20. Bf4 Bd6 21.
Rd1 Kf8 22. Qe3 Bc6 23. Bf1 Rac8 24. c4 Qe4 25. a5 Qxe3 26. Bxe3 Bxe5 27. dxe5
Rxd1 28. Rxd1 Nd7 29. Ra1 Nxe5 30. axb6 axb6 31. Bxb6 Nd7 32. Bd4 Ra8 33. Rd1 e5
34. Bc3 Ke8 35. f4 Ra3 36. Ba1 f6 37. fxe5 fxe5 38. Re1 Ra5 39. Bc3 Ra2 40. Bxe5
Nxe5 41. Rxe5+ Kd7 42. c5 Rd2 43. Re3 Rc2 44. Ra3 Ke6 45. Ra7 Kf6 46. Ra5 Ke5
47. h3 h5 48. Ra7 g6 49. Re7+ Kd4 50. Rg7 Be4 51. Rd7+ Ke3 1/2-1/2

[Event "Baku Open 2023"]
[Site "Baku AZE"]
[Date "2023.05.05"]
[Round "2.14"]
[White "Akhvlediani, Irakli"]
[Black "Pantsulaia, Levan"]
[Result "0-1"]
[WhiteTitle "FM"]
[BlackTitle "GM"]
[WhiteElo "2421"]
[BlackElo "2597"]
[WhiteFideId "13601938"]
[BlackFideId "13602071"]
[EventDate "2023.05.04"]

1. d4 c5 2. d5 g6 3. e4 Bg7 4. c4 d6 5. Bd3 e6 6. h3 Ne7 7. Nf3 h6 8. Nc3 Bxc3+
9. bxc3 e5 10. Nh2 Ng8 11. O-O g5 12. Be2 Nd7 13. Bg4 Nb6 14. Bxc8 Qxc8 15. Qb3
f5 16. exf5 Qxf5 17. a4 Rb8 18. a5 Nd7 19. Ng4 h5 20. Ne3 Qg6 21. Qc2 Qxc2 22.
Nxc2 g4 23. hxg4 hxg4 24. Ne3 Ndf6 25. f4 e4 26. Bd2 Ne7 27. Kf2 Kf7 28. f5 Nh5
29. g3 Nf6 30. Rh1 Rxh1 31. Rxh1 b6 32. Rb1 Nd7 33. axb6 Rxb6 34. Rh1 Kg7 35.
Nxg4 Rb2 36. f6+ Nxf6 37. Nxf6 Kxf6 38. Ke2 Nf5 39. Kd1 e3 40. Bc1 Rg2 41. Re1
Rxg3 42. Kc2 Rg2+ 43. Kb3 e2 44. Bf4 Rf2 45. Bd2 Nh4 46. Be3 Rg2 47. Bf4 Nf3 0-1

[Event "Baku Open 2023"]
[Site "Baku AZE"]
[Date "2023.05.05"]
[Round "2.15"]
[White "Suleymanli, Aydin"]
[Black "Kurmangaliyeva, Liya"]
[Result "1-0"]
[WhiteTitle "GM"]
[BlackTitle "FM"]
[WhiteElo "2560"]
[BlackElo "2288"]
[WhiteFideId "13413937"]
[BlackFideId "13725831"]
[EventDate "2023.05.04"]

1. e4 c5 2. Nf3 e6 3. d4 cxd4 4. Nxd4 Nc6 5. Nc3 Qc7 6. Be2 Nf6 7. Qd3 Be7 8.
Ndb5 Qb8 9. Qg3 Qxg3 10. hxg3 O-O 11. Nc7 Rb8 12. Bf4 d6 13. O-O-O Rd8 14. N7b5
Ne8 15. a4 b6 16. Rd2 Rb7 17. Na3 Rbd7 18. Rhd1 Nc7 19. Ncb5 Ne8 20. Nc4 e5 21.
Be3 f5 22. Bf3 Nf6 23. Nbxd6 Ba6 24. exf5 Nd4 25. Bxd4 exd4 26. Nb5 Bxb5 27.
axb5 Bb4 28. Rd3 Re8 29. Bc6 1-0

[Event "Baku Open 2023"]
[Site "Baku AZE"]
[Date "2023.05.05"]
[Round "2.16"]
[White "Shahaliyev, Ismayil"]
[Black "Petrov, Nikita"]
[Result "1/2-1/2"]
[WhiteTitle "IM"]
[BlackTitle "GM"]
[WhiteElo "2400"]
[BlackElo "2547"]
[WhiteFideId "13406388"]
[BlackFideId "4101286"]
[EventDate "2023.05.04"]

1. e4 e5 2. Nf3 Nc6 3. Bb5 a6 4. Ba4 Nf6 5. d3 Bc5 6. c3 d6 7. h3 O-O 8. Nbd2
Ba7 9. Nf1 Ne7 10. Ng3 Ng6 11. O-O b5 12. Bb3 c5 13. d4 h6 14. a4 Bb7 15. d5 c4
16. Bc2 Bc8 17. axb5 axb5 18. Be3 Qc7 19. Ra3 Nd7 20. Nf5 Nc5 21. Qd2 Nb3 22.
Qe2 Bd7 23. Bxb3 Bxe3 24. Rxa8 Rxa8 25. fxe3 cxb3 26. Nd2 Ra4 27. Qf3 Bxf5 28.
exf5 e4 29. Qe2 Ne5 30. Qxb5 Qa7 31. Kh1 Ra1 32. Qxb3 Nd3 33. Qc2 Ra2 34. Nxe4
Qxe3 35. Nf2 Ne5 36. Ng4 Nxg4 37. hxg4 Qe5 38. Qd2 Qe4 39. f6 g5 40. Re1 Rxb2
41. Qxg5+ hxg5 42. Rxe4 Kh7 43. Kh2 Kg6 44. Kg3 Kxf6 45. Kf3 Rd2 46. c4 Rc2 47.
Ke3 Rxg2 48. Kd3 Rg3+ 49. Kd4 Ra3 50. Re1 1/2-1/2

[Event "Baku Open 2023"]
[Site "Baku AZE"]
[Date "2023.05.05"]
[Round "2.17"]
[White "Aditya, Mittal"]
[Black "Dixit, Nikhil"]
[Result "1-0"]
[WhiteTitle "GM"]
[BlackTitle "FM"]
[WhiteElo "2505"]
[BlackElo "2257"]
[WhiteFideId "35042025"]
[BlackFideId "5059534"]
[EventDate "2023.05.04"]

1. Nf3 Nf6 2. c4 g6 3. Nc3 Bg7 4. e4 d6 5. d4 O-O 6. Be2 e5 7. O-O Nbd7 8. Be3
Qe7 9. Qc2 c6 10. Rad1 exd4 11. Nxd4 Nc5 12. f3 a5 13. Qd2 Nfd7 14. Nc2 Be5 15.
Bg5 f6 16. Bh6 Re8 17. Nd4 Bxd4+ 18. Qxd4 Ne5 19. Bc1 Nf7 20. b3 Qe5 21. Qd2 f5
22. Bb2 Qe7 23. Kh1 Bd7 24. Na4 Ne6 25. exf5 gxf5 26. Nb6 Rad8 27. Nxd7 Rxd7 28.
Bd3 f4 29. g3 d5 30. gxf4 d4 31. Rg1+ Kh8 32. Bf5 c5 33. Bxe6 Qxe6 34. Rde1 Qxe1
35. Rxe1 Rxe1+ 36. Qxe1 Kg7 37. Qxa5 Kg8 38. Qxc5 d3 39. Qg1+ Kf8 40. Ba3+ 1-0

[Event "Baku Open 2023"]
[Site "Baku AZE"]
[Date "2023.05.05"]
[Round "2.18"]
[White "Ilamparthi, A R"]
[Black "Bharath, Subramaniyam H"]
[Result "1-0"]
[WhiteTitle "IM"]
[BlackTitle "GM"]
[WhiteElo "2408"]
[BlackElo "2517"]
[WhiteFideId "45015775"]
[BlackFideId "46634827"]
[EventDate "2023.05.04"]

1. e4 c5 2. Nf3 d6 3. d4 cxd4 4. Nxd4 Nf6 5. Nc3 a6 6. Rg1 b5 7. a4 b4 8. Nd5 e6
9. Nxf6+ Qxf6 10. Be3 Bb7 11. Qd2 Nd7 12. Qxb4 Bxe4 13. f3 Bd5 14. O-O-O Be7 15.
g4 O-O 16. g5 Qg6 17. Bd3 Qh5 18. Be2 Rfb8 19. Qd2 Nc5 20. Nf5 exf5 21. Qxd5
Nxa4 22. Bd4 Bxg5+ 23. Kb1 Qh6 24. Bc4 Bf6 25. Bb3 Nb6 26. Bxb6 Qh5 27. Qxd6 Qh4
28. Bf2 Qh6 29. Bd4 Kh8 30. Bxf6 gxf6 31. Bxf7 a5 32. Bd5 Rd8 33. Bxa8 Rxd6 34.
Rxd6 Qf8 35. Bd5 1-0

[Event "Baku Open 2023"]
[Site "Baku AZE"]
[Date "2023.05.05"]
[Round "2.19"]
[White "Samant, Aditya S"]
[Black "Valiyev, Shahin"]
[Result "1-0"]
[WhiteTitle "IM"]
[WhiteElo "2496"]
[BlackElo "2252"]
[WhiteFideId "35080580"]
[BlackFideId "13424203"]
[EventDate "2023.05.04"]

1. e4 c5 2. Nf3 d6 3. d4 cxd4 4. Nxd4 Nf6 5. Nc3 a6 6. Be3 e5 7. Nf3 Be7 8. Bc4
O-O 9. Bb3 Be6 10. O-O b5 11. Qe2 Qc8 12. Bg5 Nbd7 13. Rfd1 Rd8 14. Nd5 Bxd5 15.
Bxf6 Nxf6 16. Bxd5 Nxd5 17. Rxd5 Qc6 18. c3 Rab8 19. Qd3 Rdc8 20. Nd2 Rb6 21. g3
h6 22. h4 g6 23. Nf1 b4 24. Ne3 bxc3 25. b3 Rb4 26. Rc1 h5 27. Nd1 Qb7 28. Rxc3
Rb6 29. Ne3 Rxc3 30. Qxc3 Rc6 31. Nc4 Qc8 32. Kg2 Qg4 33. Qd3 Bxh4 34. Ne3 Qg5
35. Nf1 Rc1 36. Rxd6 Ra1 37. Rxa6 Qg4 38. Nh2 Qg5 39. Ra8+ Kg7 40. Nf3 Qc1 41.
gxh4 Qh1+ 42. Kg3 g5 43. Qd8 1-0

[Event "Baku Open 2023"]
[Site "Baku AZE"]
[Date "2023.05.05"]
[Round "2.20"]
[White "Beydullayeva, Govhar"]
[Black "Samunenkov, Ihor"]
[Result "1/2-1/2"]
[WhiteTitle "WGM"]
[BlackTitle "IM"]
[WhiteElo "2375"]
[BlackElo "2501"]
[WhiteFideId "13413015"]
[BlackFideId "14187086"]
[EventDate "2023.05.04"]

1. d4 d5 2. c4 e6 3. Nf3 Nf6 4. Nc3 a6 5. cxd5 exd5 6. Bg5 Be6 7. Qb3 Nbd7 8. e3
b5 9. Qd1 h6 10. Bh4 g5 11. Bg3 Nh5 12. Bd3 Nxg3 13. hxg3 Bg7 14. Rc1 Rc8 15. a3
O-O 16. O-O f5 17. Bb1 c6 18. Qd2 Nb6 19. Qc2 h5 20. Kh2 Bf6 21. Rh1 Kg7 22. Kg1
Rh8 23. Ne1 c5 24. dxc5 Rxc5 25. Nf3 Nc4 26. Nd4 Bxd4 27. exd4 Rc6 28. Qe2 Qf6
29. Na2 Qxd4 30. Nb4 Rd6 31. Rxh5 Qxb2 32. Qxb2+ Nxb2 33. Rc7+ Bd7 34. Rxg5+ Kf6
35. f4 d4 36. Nd3 Nxd3 37. Bxd3 Rc8 38. Rxc8 Bxc8 39. g4 fxg4 40. Rg6+ Ke7 41.
Rg7+ Kf8 42. Rc7 Bd7 43. Kf2 Ke7 44. Kg3 Kf6 45. Rc5 Rc6 46. Rxc6+ Bxc6 47. Kxg4
Bxg2 48. Kg3 Bd5 49. Kf2 Bc4 50. Ke2 Ke6 51. Kd2 Kd5 52. Bg6 Kc5 53. Kc2 a5 54.
Kb2 Kd6 55. Kc2 Ke6 56. Be4 Kf6 57. Kd2 Kg7 58. Kc2 Kh6 59. Bf3 Kg6 60. Bg4 Kf6
61. Bd7 Kf7 62. Kd2 Kg7 63. Kc2 Kg6 64. Bg4 a4 65. Kb2 Kf6 66. Kc2 Ke7 67. Bf3
Kd6 68. Be4 Kc5 69. Kb2 Be2 70. Kc2 Bf1 71. Bg6 Be2 72. Kd2 Bc4 73. Kc2 b4 74.
axb4+ Kxb4 75. Be4 Bb3+ 76. Kb2 a3+ 77. Kb1 Kc3 78. f5 Bf7 79. Ka1 Kd2 80. Bb1
Kc3 81. f6 Bh5 82. Bf5 Be8 83. Ka2 Kb4 84. Be6 d3 85. f7 Bxf7 86. Bxf7 1/2-1/2

[Event "Baku Open 2023"]
[Site "Baku AZE"]
[Date "2023.05.05"]
[Round "2.21"]
[White "Aydin, Gulenay"]
[Black "Gokerkan, Cem Kaan"]
[Result "0-1"]
[WhiteTitle "WFM"]
[BlackTitle "IM"]
[WhiteElo "2001"]
[BlackElo "2489"]
[WhiteFideId "34557431"]
[BlackFideId "6336760"]
[EventDate "2023.05.04"]

1. e4 c5 2. Nf3 Nc6 3. Bb5 e5 4. O-O Bd6 5. c3 a6 6. Ba4 b5 7. Bc2 Nge7 8. h3
O-O 9. d4 cxd4 10. cxd4 Nxd4 11. Nxd4 exd4 12. Qxd4 Qc7 13. Bb3 Bb7 14. Nc3 Bh2+
15. Kh1 Be5 16. Qd3 Bxc3 17. Qxc3 Qxc3 18. bxc3 Rfe8 19. f3 d5 20. exd5 Bxd5 21.
Ba3 Bxb3 22. axb3 Nc6 23. Bc5 Re5 24. b4 Rd5 25. c4 bxc4 26. Rfc1 Ne5 27. f4 Nd3
28. Rxc4 h5 29. Kh2 a5 30. Be7 Re8 31. Bc5 Re2 32. Rxa5 Ne1 33. Rc1 Nxg2 34. Ra3
Nxf4+ 35. Kg1 Rdd2 36. Rf3 g5 37. Ra1 Rh2 38. Kf1 Rh1+ 39. Bg1 Rg2 0-1

[Event "Baku Open 2023"]
[Site "Baku AZE"]
[Date "2023.05.05"]
[Round "2.22"]
[White "Abdinova, Narmin"]
[Black "Sadikhov, Ulvi"]
[Result "0-1"]
[BlackTitle "GM"]
[WhiteElo "2092"]
[BlackElo "2489"]
[WhiteFideId "13425340"]
[BlackFideId "13401416"]
[EventDate "2023.05.04"]

1. d4 Nf6 2. c4 d6 3. Nc3 g6 4. g3 Bg7 5. Bg2 O-O 6. Nf3 c6 7. O-O Bf5 8. Ne1
Qc8 9. e4 Bh3 10. Nd3 Bxg2 11. Kxg2 a6 12. f4 b5 13. e5 Ne8 14. b3 Nd7 15. Qe2
Qb7 16. c5 Nc7 17. Be3 b4 18. Ne4 f5 19. Ng5 dxc5 20. dxc5 Rfd8 21. Rad1 Nf8 22.
Nb2 Nd5 23. Na4 Qb5 24. Qf2 Bh6 25. Nf3 Ne6 26. Nd4 Nxd4 27. Bxd4 e6 28. h4 Ra7
29. Rd2 Rad7 30. Rfd1 Bf8 31. Nb2 a5 32. Nc4 a4 33. Nd6 Qa6 34. h5 gxh5 35. Rh1
Rg7 36. Rxh5 Rg4 37. Kf3 axb3 38. axb3 Qa3 39. Rb2 Qa1 40. Ke2 Ra8 41. Qf3 Ra2
42. Nc4 Rxb2+ 43. Bxb2 Qg1 44. Rg5+ Rxg5 45. fxg5 Bxc5 46. Qh5 Qxg3 47. Bc1 Nc3+
48. Kd2 Ne4+ 49. Ke2 Bf8 50. Qe8 Qf2+ 0-1

[Event "Baku Open 2023"]
[Site "Baku AZE"]
[Date "2023.05.05"]
[Round "2.23"]
[White "Mohamed, Anees M"]
[Black "Mamedov, Rauf"]
[Result "1/2-1/2"]
[WhiteTitle "FM"]
[BlackTitle "GM"]
[WhiteElo "2317"]
[BlackElo "2646"]
[WhiteFideId "35065815"]
[BlackFideId "13401653"]
[EventDate "2023.05.04"]

1. e4 c5 2. Nf3 g6 3. d4 cxd4 4. Nxd4 Nc6 5. c4 Nf6 6. Nc3 d6 7. Be2 Nxd4 8.
Qxd4 Bg7 9. Be3 O-O 10. Qd3 Qa5 11. O-O Bg4 12. Bd4 Bxe2 13. Qxe2 Rfe8 14. Rfd1
Rac8 15. Rac1 a6 16. e5 dxe5 17. Bxe5 Red8 18. b3 e6 19. h3 h6 20. Na4 b5 21.
Bc3 Qc7 22. cxb5 axb5 23. Bb2 Qf4 24. Rxc8 Rxc8 25. Nc3 b4 26. Nb5 Nd5 27. g3
Qb8 28. Bxg7 Kxg7 29. Re1 Qb6 30. Qe5+ Kh7 31. Nd4 Rc3 32. Qe4 Kg8 33. Kg2 h5
34. Re2 Nf6 35. Qe5 Nd7 36. Qe4 Nc5 37. Qa8+ Kg7 38. Qc6 Qd8 39. Rd2 Qf6 40. Qa8
Rd3 41. Rxd3 Nxd3 42. Nf3 Qf5 43. Qa7 Qd5 44. Qe3 h4 45. gxh4 e5 46. Kg1 f6 47.
Ne1 Nf4 48. Qa7+ Kh6 49. Qb8 g5 50. Qh8+ Kg6 51. h5+ Nxh5 52. Qe8+ Kh6 53. Qh8+
Kg6 54. Qe8+ Kh6 55. Qh8+ Kg6 1/2-1/2